Estadísticas para Nombre de balones del Mundial

Haz click aquí para intentar la prueba.

Estadísticas generales

  • Esta prueba ha sido intentada 12 veces
  • La puntuación promedio es 5 de 22

Estadísticas de respuestas

SedeNombre del balón% Correcto
Sudáfrica 2010Jabulani
100%
Rusia 2018Telstar 18
55%
Alemania 1974Telstar Durlast
55%
México 1970Telstar Durlast
55%
Brasil 2014Brazuca
45%
Argentina 1978Tango Durlast
45%
España 1982Tango España
45%
México 1986Azteca
18%
Italia 1990Etrusco Unico
18%
Catar 2022Al Rihla
9%
Corea-Japón 2002Fevernova
9%
Estados Unidos 1994Questra
9%
Alemania 2006Teamgeist
9%
Inglaterra 1966Challenge 4-Star
0%
Francia 1938Coupe du Monde
0%
Chile 1962Crack
0%
Brasil 1950Duplo T
0%
Italia 1934Federale 102
0%
Suiza 1954Swiss World Champion
0%
Uruguay 1930Tiento / Modelo T
0%
Suecia 1958Top Star
0%
Francia 1998Tricolore
0%

Distribución de puntuación

Porcentaje por número respondido

Porcentaje de gente con cada puntuación

Historial de tus puntuaciones

No has intentado esta prueba.